ARRUPE JESUIT UNIVERSITY

CORONAVIRUS -STOP THE SPREAD - CLEAN,DISINFECT,COVER

Lost trails on the low veld (Record no. 255)

MARC details
000 -LEADER
fixed length control field 00550nam a2200217Ia 4500
003 - CONTROL NUMBER IDENTIFIER
control field 0100
008 - FIXED-LENGTH DATA ELEMENTS--GENERAL INFORMATION
fixed length control field 130227s9999 xx 000 0 und d
040 ## - CATALOGING SOURCE
Transcribing agency ARRUPELIB
050 ## - LIBRARY OF CONGRESS CALL NUMBER
Classification number DT2342.B939
100 ## - MAIN ENTRY--PERSONAL NAME
Personal name Bulpin, Thomas Victor
9 (RLIN) 31665
245 ## - TITLE STATEMENT
Title Lost trails on the low veld
260 ## - PUBLICATION, DISTRIBUTION, ETC. (IMPRINT)
Name of publisher, distributor, etc Howard B. Timmins
Place of publication, distribution, etc Cape Town
Date of publication, distribution, etc 1956
300 ## - PHYSICAL DESCRIPTION
Extent 292p
300 ## - PHYSICAL DESCRIPTION
Other physical details 21cm
650 ## - SUBJECT ADDED ENTRY--TOPICAL TERM
Topical term following geographic name as entry element Transvaal
General subdivision History
9 (RLIN) 31666
650 ## - SUBJECT ADDED ENTRY--TOPICAL TERM
Topical term following geographic name as entry element Frontier & pioneer life
General subdivision Africa
9 (RLIN) 31667
700 ## - ADDED ENTRY--PERSONAL NAME
Personal name Tyrrell, Barbara (illust)
9 (RLIN) 31668
942 ## - ADDED ENTRY ELEMENTS (KOHA)
Source of classification or shelving scheme Library of Congress Classification
Item type Monograph ( Printed materials)
Holdings
Withdrawn status Lost status Source of classification or shelving scheme Damaged status Not for loan Collection code Home library Current library Shelving location Date acquired Total Checkouts Full call number Barcode Date last seen Copy number Price effective from Koha item type
    Library of Congress Classification     Main Collection ARRUPE LIBRARY ARRUPE LIBRARY   27/02/2013   DT2342.B939 46400526 07/12/2017 1 27/02/2013 Monograph ( Printed materials)
    Library of Congress Classification     SPECIAL Collection ARRUPE LIBRARY ARRUPE LIBRARY Main Collection 28/03/2014   SPC DT2342.B939 46500002063 28/03/2014 2 28/03/2014 Monograph ( Printed materials)

 

Arrupe Library. PO Box MP320 Mt Pleasant, Harare, Zimbabwe
263 242 745411|librarian@aju.ac.zw